| 000 | 00549nam a22001817a 4500 | ||
|---|---|---|---|
| 999 |
_c17993 _d17993 |
||
| 008 | 191018b xxu||||| |||| 00| 0 eng d | ||
| 020 | _a0081013021 | ||
| 040 |
_aKABU _cKABU |
||
| 050 |
_aHG106 _b.G37 2013 c. 1 |
||
| 100 | _aGarrettt, S. J. | ||
| 245 |
_aAn introduction to the mathematics of finance _ba deterministic approach _cS. J. Garrettt |
||
| 250 | _a2nd ed. | ||
| 260 |
_aUSA _bElsevier Ltd _c2013 |
||
| 300 | _axii, 450 p. | ||
| 650 |
_aFinance _xMathematical models |
||
| 650 | _aBusiness mathematics | ||
| 942 |
_2lcc _cBK _hHG106 |
||